CJ50 (Record no. 66017)

MARC details
000 -LEADER
fixed length control field 00952cam a2200241 4500
001 - CONTROL NUMBER
control field ABS63505
008 - FIXED-LENGTH DATA ELEMENTS--GENERAL INFORMATION
fixed length control field 000000n2001 000 0 eng u
035 ## - SYSTEM CONTROL NUMBER
System control number (Sirsi) u110754
100 ## - MAIN ENTRY--PERSONAL NAME
Personal name Leitch, J.
245 ## - TITLE STATEMENT
Title CJ50
260 ## - PUBLICATION, DISTRIBUTION, ETC.
Date of publication, distribution, etc. 2001
490 ## - SERIES STATEMENT
Series statement Contract Journal
Volume/sequential designation 407(6312) 31 January 2001, 14-18(5)
520 ## - SUMMARY, ETC.
Summary, etc. Ranks the UK's 50 most successful construction firms by the value of contracts awarded, and by the value of traditional contracts awarded, during the year 2000. Includes a monthly analysis, sector breakdown, regional survey and a league table of management contract award winners. Also profiles Carillion, winners of the CJ50 Award for the second year running.
590 ## - LOCAL NOTE (RLIN)
Local note ABS
650 ## - SUBJECT ADDED ENTRY--TOPICAL TERM
Topical term or geographic name entry element CONSTRUCTION FIRMS
650 ## - SUBJECT ADDED ENTRY--TOPICAL TERM
Topical term or geographic name entry element CONTRACTORS
650 ## - SUBJECT ADDED ENTRY--TOPICAL TERM
Topical term or geographic name entry element LEAGUE TABLES
650 ## - SUBJECT ADDED ENTRY--TOPICAL TERM
Topical term or geographic name entry element MANAGEMENT CONTRACTS
650 ## - SUBJECT ADDED ENTRY--TOPICAL TERM
Topical term or geographic name entry element REGIONS
690 ## - LOCAL SUBJECT ADDED ENTRY--TOPICAL TERM (OCLC, RLIN)
Topical term or geographic name as entry element BUILT ENVIRONMENT-CONSTRUCTION MARKET
700 ## - ADDED ENTRY--PERSONAL NAME
Personal name Atkinson, J.
942 ## - ADDED ENTRY ELEMENTS (KOHA)
Suppress in OPAC 0
Holdings
Withdrawn status Lost status Source of classification or shelving scheme Damaged status Not for loan Home library Current library Shelving location Date acquired Total Checkouts Full call number Barcode Date last seen Copy number Price effective from Koha item type
    Dewey Decimal Classification     London London Journal article 07/03/2001   ABS63505 110754-1001 06/08/2019 1 06/08/2019 Journal article